Kirjaimella C alkavien valtioiden naapurimaat - Statistics

Yleistilastot
  • Tätä visaa on pelattu 68 kertaa
  • Keskiarvotulos 4 / 5
Vastaustilastot
C:llä alkava valtio Rajanaapuri % Oikein
Chile Argentiina
95%
Chile Peru
91%
Chile Bolivia
84%
Costa Rica Panama
76%
Costa Rica Nicaragua
75%
Ehtoja vastaavia visoja ei löytynyt
Tulosjakauma
Jokaisen tuloksen saaneiden osuus
Persentiili vastausten määrän mukaan
Tuloshistoriasi
Et ole pelannut tätä visaa